000 00331 a2200133 4500
999 _c321243
_d321243
001 86170
003 NUST
005 20180120160040.0
008 180120b xxu||||| |||| 00| 0 eng d
020 _a9781439172490
082 _a973.932092 WOO
100 _aBob Woodward
_99294
245 _aObama's wars
_cBob Woodward
260 _aNew York
_bSimon & Schuster
_c2010
300 _axviii, 441 p
942 _aCAE NUST
_cBK
_k973.932092 WOO
_2ddc